Buried cities recovered, or, Explorations in Bible Lands, giving the results of recent researches in the Orient, and recovery of many places in sacred and profane History long considered lost. Illustrated with New Maps and Numerous Original Engravings. By Frank S. Dehass, D.D. Revised edition, with appendix
Saved in:
| Hovedforfatter: | |
|---|---|
| Format: | Bog |
| Sprog: | engelsk |
| Udgivet: |
Filadelfia
Bradley & Company
1890
|
| Udgivelse: | 2a. ed |
| Fag: | |
| Tags: |
Tilføj Tag
Ingen Tags, Vær først til at tagge denne postø!
|
MARC
| LEADER | 00000nam a2200000 a 4500 | ||
|---|---|---|---|
| 001 | UCJ6845 | ||
| 003 | CL-VaPUC | ||
| 008 | 070124e18900000US |||||||||||||||||eng|d | ||
| 082 | 0 | 4 | |a 901 |b DEH |2 21 |
| 100 | 0 | |a Dehass, Frank S |e author |9 514257 | |
| 245 | 1 | 0 | |a Buried cities recovered, or, Explorations in Bible Lands, giving the results of recent researches in the Orient, and recovery of many places in sacred and profane History long considered lost. Illustrated with New Maps and Numerous Original Engravings. By Frank S. Dehass, D.D. Revised edition, with appendix |
| 250 | |a 2a. ed | ||
| 300 | |a 610 p | ||
| 942 | |c BK | ||
| 945 | |d 20070124 00:00:00 |a rinostro | ||
| 260 | |a Filadelfia |b Bradley & Company |c 1890 | ||
| 500 | |a 8§, tela.- Plancha dorada.- Front., retrato del autor, grabado.- Ilustraciones y mapas conforme a lo señalado en índice | ||
| 650 | 0 | |a Arqueología |9 265619 | |
| 650 | 7 | |a HISTORIA SAGRADA |2 CL-VaPUC |9 326822 | |
| 650 | 0 | |a Sagradas escrituras |9 349657 | |
| 650 | 0 | |a Iconografía |9 267998 | |
| 650 | 0 | |a Mapas |9 260844 | |
| 650 | 0 | |a Ilustraciones |9 369481 | |
| 650 | 0 | |a Cristianismo |9 257361 | |
| 650 | 0 | |a Arquitectura |9 804558 | |
| 650 | 7 | |a MURO DE LOS LAMENTOS |2 CL-VaPUC |9 514259 | |
| 650 | 0 | |a Judíos |9 313771 | |
| 651 | 0 | |a Egipto |9 268199 | |
| 651 | 0 | |a Israel |9 314378 | |
| 651 | 0 | |a Palestina |9 324189 | |
| 651 | 7 | |a JORDANIA |2 CL-VaPUC |9 338677 | |
| 651 | 7 | |a PETRA |2 CL-VaPUC |9 514260 | |
| 651 | 0 | |a Jerusalén |9 313609 | |
| 583 | |a last modification |c 20070124 00:00:00 |k Rodrigo Vera | ||
| 999 | |c 322947 |d 322945 | ||
| 952 | |0 0 |1 0 |4 0 |6 901_000000000000000_DEH_1890 |7 0 |8 X |9 402128 |a FDOBUD |b FDOBUD |d 2019-11-22 |i 1053787 |o 901 DEH 1890 |p 1053787 |r 2019-11-22 |w 2019-11-22 |y BK_X |k BUD | ||